| 000 | 00957nam a2200289Ia 4500 | ||
|---|---|---|---|
| 001 | Para_951 | ||
| 003 | CHAP | ||
| 008 | 220125s1995 xx 000 0 und d | ||
| 010 | _a199688 | ||
| 040 | _cCHAP | ||
| 090 | _aPA TESIS 916 | ||
| 100 |
_aPonce Hurtado, Florencio _990792 |
||
| 245 |
_aControl químico de enfermedades foliares y del fruto de la vid (Vitis vinifera L.) en Ezequiel Montes, Queretaro / _c por Florencio Ponce Hurtado |
||
| 260 |
_aChapingo, Méx. : _b El autor |
||
| 300 | _a88 h. | ||
| 502 | _aTesis (Ing. Agr. Esp. en Parasitología Agrícola) -- UACh. Depto. Parasitología | ||
| 650 |
_aVid _x enfermedades _9119108 |
||
| 650 |
_aVid _x Queretaro _9119137 |
||
| 710 |
_aUACh. Departamento Parasitología Agrícola _9164025 |
||
| 901 | _aPA TESIS 916 | ||
| 902 | _aA | ||
| 905 | _a0000001995 0000000000 00 | ||
| 910 | _a1995 | ||
| 942 | _cPARA | ||
| 942 |
_cPARA _d1 |
||
| 999 |
_c199688 _d199688 |
||